| 000 | 00483nam a22001817a 4500 | ||
|---|---|---|---|
| 999 |
_c12374 _d12374 |
||
| 008 | 230508b 2018 ||||| |||| 00| 0 eng d | ||
| 020 | _a9780521545488 | ||
| 082 | _bBHA | ||
| 100 | _aBhattacharya P.B | ||
| 245 | _aBasic Abstract Algebra | ||
| 250 | _a2nd ed. | ||
| 260 |
_aNew Delhi _bCambridge _c2018 |
||
| 300 | _axx, 487p. | ||
| 650 | _aSets and mappings | ||
| 650 | _aIntegers, real numbers, and complex numbers | ||
| 650 | _aMatrices and determinants | ||
| 942 | _cBK | ||